| 000 | 01124nam a22003257a 4500 | ||
|---|---|---|---|
| 003 | CHAP | ||
| 005 | 20220329140845.0 | ||
| 008 | 971013s1950 r 00010 d | ||
| 010 | _a58763 | ||
| 011 | _a59735 | ||
| 035 | _a63895 | ||
| 040 | _cCHAP | ||
| 082 |
_a514.5 _bT46Y |
||
| 100 | 0 | 0 |
_aThompson, James Edgar. _9112906 |
| 245 | _aTrigonometría | ||
| 260 |
_aMéxico, D. F. : _bUTHEA, _c1950 |
||
| 300 | _a254 p. | ||
| 590 |
_aBATCH-UPD _b10 _c20130110 _lUCH01 _h2117 |
||
| 590 |
_aBATCH-UPD _b10 _c20130410 _lUCH01 _h1427 |
||
| 590 |
_aBATCH-UPD _b10 _c20130914 _lUCH01 _h2045 |
||
| 590 |
_aCONVERSION _b10 _c20130109 _lUCH01 _h1332 |
||
| 650 | 1 | 4 |
_aTrigonometría plana. _9115146 |
| 901 | _aBK | ||
| 942 | _cLIBRO | ||
| 949 |
_a514.5 T46Y _bBC _cLIBRO _d33724000143038 _eLIBRO _fc.9 _h493 _i63895 _so |
||
| 949 |
_a514.5 T46Y _bBC _cLIBRO _d33724000143046 _eLIBRO _fc.4 _h488 _i63895 _si |
||
| 949 |
_a514.5 T46Y _bBC _cLIBRO _d33724000143061 _eLIBRO _fc.10 _h494 _i63895 _si |
||
| 949 |
_a514.5 T46Y _bBC _cLIBRO _d33724000684221 _eLIBRO _fc.5 _h489 _i63895 _si |
||
| 949 |
_a514.5 T46Y _bBC _cLIBRO _d33724000989257 _eLIBRO _fc.14 _h498 _i63895 _so |
||
| 999 |
_c58763 _d58763 |
||